书目信息 |
| 题名: |
善的研究
|
|
| 作者: | 西田几多郎 著 ;何倩 译 | |
| 分册: | ||
| 出版信息: | 北京 商务印书馆 1965 |
|
| 页数: | 179页 | |
| 开本: | 21cm | |
| 丛书名: | 汉译世界学术名著丛书 | |
| 单 册: | ||
| 中图分类: | B313.5 | |
| 科图分类: | ||
| 主题词: | 现代哲学--xian dai zhe xue--研究--日本 | |
| 电子资源: | ||
| ISBN: | 978-7-100-00826-6 | |
| 000 | 01008nam0 22002771 450 | |
| 001 | 1754583027 | |
| 005 | 20170516112211.0 | |
| 010 | @a978-7-100-00826-6@dCNY20.00 | |
| 100 | @a20161126e20161965em y0chiy50 ea | |
| 101 | 1 | @achi@cjpn |
| 102 | @aCN@b110000 | |
| 105 | @ay z 000yy | |
| 106 | @ar | |
| 200 | 1 | @a善的研究@9shan de yan jiu@f(日)西田几多郎著@g何倩译 |
| 210 | @a北京@c商务印书馆@d1965@h2016重印 | |
| 215 | @a179页@d21cm | |
| 225 | 2 | @a汉译世界学术名著丛书@9han yi shi jie xue shu ming zhu cong shu |
| 305 | @a据东京岩波书店1941年第3版译出 | |
| 330 | @a本书分纯粹经验、实在、善、宗教四编。内容包括纯粹经验、思维、意志、知的直观、研究的出发点、意识现象是唯一的实在等。 | |
| 461 | 0 | @12001 @a汉译世界学术名著丛书 |
| 606 | 0 | @a现代哲学@9xian dai zhe xue@x研究@y日本 |
| 690 | @aB313.5@v5 | |
| 701 | 0 | @c(日)@a西田几多郎@9xi tian ji duo lang@c(Kitaro Nishida@f1870~1945)@4著 |
| 702 | 0 | @a何倩@9he qian@c(哲学)@4译 |
| 801 | 0 | @aCN@b百万庄@c20170513 |
| 905 | @b1007160-5@dB313.5@e19@f6 | |
| 善的研究/(日)西田几多郎著/何倩译.-北京:商务印书馆,1965(2016重印) |
| 179页;21cm.-(汉译世界学术名著丛书) |
| ISBN 978-7-100-00826-6:CNY20.00 |
| 本书分纯粹经验、实在、善、宗教四编。内容包括纯粹经验、思维、意志、知的直观、研究的出发点、意识现象是唯一的实在等。 |
| ● |
| 相关链接 |
|
|
|
|
正题名:善的研究
索取号:B313.5/19
 
预约/预借
| 序号 | 登录号 | 条形码 | 馆藏地/架位号 | 状态 | 备注 |
| 1 | 1007160 | 210071606 | 第一样本阅览室/ [索取号:B313.5/19] | 在馆 | |
| 2 | 1007161 | 210071615 | 教育系资料室/ [索取号:B313.5/19] | 在馆 | |
| 3 | 1007162 | 210071624 | 教育系资料室/ [索取号:B313.5/19] | 在馆 | |
| 4 | 1007163 | 210071633 | 教育系资料室/ [索取号:B313.5/19] | 在馆 | |
| 5 | 1007164 | 210071642 | 第一借阅区/ [索取号:B313.5/19] | 在馆 | |
| 6 | 1007165 | 210071651 | 第一借阅区/ [索取号:B313.5/19] | 在馆 |